Avances recientes en nutrición de plantas frutales y vides

Gorde:
Xehetasun bibliografikoak
Egile nagusia: Bañados Ortiz, María Pilar (Egilea)
Formatua: Liburua
Hizkuntza:gaztelania
Argitaratua: Santiago Pontificia Universidad Católica de Chile 1993
Gaiak:
Etiketak: Etiketa erantsi
Etiketarik gabe, Izan zaitez lehena erregistro honi etiketa jartzen!

MARC

LEADER 00000nam a2200000 a 4500
001 UCQ3364
003 CL-VaPUC
005 20220823110823.0
008 980821e19930000cl 1 spa d
082 0 4 |a 634  |b BAN  |2 21 
100 1 |a Bañados Ortiz, María Pilar  |e author  |9 619084 
245 1 0 |a Avances recientes en nutrición de plantas frutales y vides 
260 |a Santiago  |b Pontificia Universidad Católica de Chile  |c 1993 
300 |a 243 p 
583 |a last modification  |c 19980821 00:00:00  |k Rodrigo Vera 
650 0 0 |a Fruticultura  |9 259678 
650 0 0 |a Vid  |9 264784 
650 0 7 |a NITROGENO  |2 CL-VaPUC  |9 358135 
650 0 0 |a Fertilizantes  |9 262833 
650 0 0 |a Manzano   |9 264722 
650 0 7 |a FERTILIZACION FOLIAR  |2 CL-VaPUC  |9 619085 
651 7 |a CHILE  |2 CL-VaPUC  |9 619086 
942 |c BK 
945 |a aarredon  |d 19980821 00:00:00 
546 |a En Español 
536 |a Pontificia Universidad Católica de Chile 
518 |p Seminario Avances recientes en nutrición de plantas frutales y vides, Santiago, 5 y 6 de Agosto de 1993 
999 |c 383243  |d 383241